Mercat central de la flor (Registre núm. 54001)

MARC details
000 -LEADER
campo de control de longitud fija 00738akm a2200313a 44500
008 - DATOS DE LONGITUD FIJA--INFORMACIÓN GENERAL
campo de control de longitud fija 960109s1990-1999 cat
041 ## - CÓDIGO DE IDIOMA
Código de lengua del texto/banda sonora o título independiente cat
041 ## - CÓDIGO DE IDIOMA
Llengües tractades spa
080 ## - NÚMERO DE LA CLASIFICACIÓN DECIMAL UNIVERSAL
Número de la Clasificación Decimal Universal 635.9(038)
110 ## - ENTRADA PRINCIPAL--NOMBRE DE ENTIDAD CORPORATIVA
Nombre de entidad corporativa o nombre de jurisdicción como elemento de entrada Barcelona. Mercabarna
9 (RLIN) 64831
245 ## - MENCIÓN DEL TÍTULO
Título Mercat central de la flor
245 ## - MENCIÓN DEL TÍTULO
Mención de responsabilidad, etc. Barcelona. Mercabarna.
245 ## - MENCIÓN DEL TÍTULO
Medio [cartell]
260 ## - PUBLICACIÓN, DISTRIBUCIÓN, ETC.
Lugar de publicación, distribución, etc. [Barcelona]
260 ## - PUBLICACIÓN, DISTRIBUCIÓN, ETC.
Nombre del editor, distribuidor, etc. Mercabarna
260 ## - PUBLICACIÓN, DISTRIBUCIÓN, ETC.
Fecha de publicación, distribución, etc. 1990-1999
300 ## - DESCRIPCIÓN FÍSICA
Otras características físicas il.
520 ## - RESUMEN, ETC.
Nombre de termes 55
591 ## - Codi de font
Codi de font 6783
592 ## - Tipus obra
Tipus d'obra Obra terminològica
593 ## - Codi CGAT
Codi de la CGAT FH
594 ## - Número de document
Número de document 6783
650 ## - PUNTO DE ACCESO ADICIONAL DE MATERIA--TÉRMINO DE MATERIA
Término de materia o nombre geográfico como elemento de entrada floricultura
9 (RLIN) 64860
901 ## - ELEMENTOS DE DATOS A LOCAL LDA (RLIN)
c [<199->?]
902 ## - ELEMENTOS DE DATOS B LOCAL, LDB (RLIN)
a 960109
942 ## - ELEMENTOS DE ENTRADA SECUNDARIOS (KOHA)
Tipo de ítem Koha Monografia
Suprimir en OPAC No
Fons
Estatus retirado Estado de pérdida Estado de daño No para préstamo Biblioteca de origen Biblioteca actual Fecha de adquisición Total de préstamos Signatura topográfica completa Código de barras Visto por última vez Precio de reemplazo Tipo de ítem Koha
        TERMCAT TERMCAT 09/01/1996   FH | Cartells 03052 30/09/2021 30/09/2021 MO